[Event "New Zealand Open Ch'p 2015"]
[Site "Devonport, Auckland"]
[Date "2015.01.02"]
[Round "2.51"]
[White "Nylund, Benjamin"]
[Black "Mukkattu, Philip"]
[Result "0-1"]
[WhiteElo "1453"]
[BlackElo "1743"]
[PlyCount "72"]
[EventDate "2015.01.01"]
[EventType "swiss"]
[EventRounds "9"]
[SourceDate "2015.01.01"]

1. d4 d5 2. c4 c6 3. Nc3 Nf6 4. Nf3 Bf5 5. cxd5 cxd5 6. Qb3 Bc8 7. g3 e6 8. Bg5
Be7 9. Bg2 h6 10. Bd2 Nbd7 11. O-O Nb6 12. Rac1 O-O 13. Rfe1 Nc4 14. Bf4 a6 15.
e4 Nh5 16. exd5 Na5 17. Qc2 Nxf4 18. gxf4 exd5 19. Nxd5 Bd6 20. Qd2 Be6 21. Nc3
Nc4 22. Qc2 Bxf4 23. Rcd1 Nd6 24. b3 Rc8 25. Qb2 Qf6 26. Ne4 Nxe4 27. Rxe4 Bd5
28. Re2 Bxf3 29. Bxf3 Bxh2+ 30. Kxh2 Qxf3 31. Rg1 Qh5+ 32. Kg2 Qg5+ 33. Kh2
Qh4+ 34. Kg2 Rc6 35. d5 Rg6+ 36. Kf3 Rxg1 0-1

[Event "New Zealand Open Ch'p 2015"]
[Site "Devonport, Auckland"]
[Date "2015.01.02"]
[Round "2.52"]
[White "Lamerton, Troy"]
[Black "Picken, Oliver"]
[Result "1/2-1/2"]
[WhiteElo "1731"]
[BlackElo "1505"]
[PlyCount "67"]
[EventDate "2015.01.01"]
[EventType "swiss"]
[EventRounds "9"]
[SourceDate "2015.01.01"]

1. d4 Nf6 2. Nf3 e6 3. Bf4 c5 4. c3 d5 5. Nbd2 Nc6 6. e3 c4 7. b3 b5 8. a4 b4
9. Rc1 Qa5 10. Qc2 bxc3 11. Qxc3 Bb4 12. Qc2 c3 13. Nb1 Ne4 14. Ng5 e5 15. Nxe4
dxe4 16. Bxe5 Nxe5 17. dxe5 Qxe5 18. Bc4 Be6 19. Bxe6 fxe6 20. O-O Bd6 21. g3
Rc8 22. Rfd1 h5 23. Rd4 h4 24. Qxe4 hxg3 25. hxg3 Qh5 26. Qxe6+ Be7 27. Qxc8+
Kf7 28. Rf4+ Bf6 29. Qb7+ Kg6 30. Rxf6+ gxf6 31. Qg2 c2 32. Na3 Qd1+ 33. Qf1
Qf3 34. Qg2 1/2-1/2

[Event "New Zealand Open Ch'p 2015"]
[Site "Devonport, Auckland"]
[Date "2015.01.02"]
[Round "2.53"]
[White "Maris, Fred A"]
[Black "Opasiak, Dustin Tennessee"]
[Result "0-1"]
[WhiteElo "1519"]
[BlackElo "1729"]
[PlyCount "58"]
[EventDate "2015.01.01"]
[EventType "swiss"]
[EventRounds "9"]
[SourceDate "2015.01.01"]

1. e4 e6 2. d4 d5 3. e5 c5 4. c3 a6 5. Nf3 Bd7 6. Be2 Bb5 7. Bxb5+ axb5 8. O-O
Nd7 9. Qe2 Qb6 10. Be3 cxd4 11. cxd4 b4 12. Nbd2 Ne7 13. Nb3 Nc6 14. Rfc1 Be7
15. Rc2 O-O 16. Nc5 Bxc5 17. dxc5 Qa5 18. Bd4 b3 19. Rc3 Qxa2 20. Rac1 Qa4 21.
Qe3 Ra5 22. Rxb3 Nxd4 23. Nxd4 Rxc5 24. Rbc3 Rfc8 25. Rxc5 Rxc5 26. Re1 Qb4 27.
b3 Rc3 28. Rc1 Rxc1+ 29. Qxc1 Qxd4 0-1

[Event "New Zealand Open Ch'p 2015"]
[Site "Devonport, Auckland"]
[Date "2015.01.02"]
[Round "2.54"]
[White "Brockway, Andrew"]
[Black "Yan, Caroline"]
[Result "0-1"]
[WhiteElo "1727"]
[BlackElo "1557"]
[PlyCount "74"]
[EventDate "2015.01.01"]
[EventType "swiss"]
[EventRounds "9"]
[SourceDate "2015.01.01"]

1. e4 e6 2. d4 d5 3. Nd2 Nf6 4. e5 Nfd7 5. Bd3 c5 6. c3 Nc6 7. Ne2 Qb6 8. Nf3
Be7 9. O-O O-O 10. Bc2 Qc7 11. Qd3 g6 12. Bh6 Re8 13. Nf4 cxd4 14. cxd4 Nb4 15.
Qb5 Qxc2 16. Rfc1 Qf5 17. Rxc8 Raxc8 18. Qxd7 g5 19. a3 Qxf4 20. axb4 Rc1+ 21.
Ne1 Rcc8 22. g3 Qxd4 23. Rc1 Rcd8 24. Qxb7 Qxb2 25. Rc7 Qxb4 26. Rxe7 Qxe7 27.
Qxe7 Rxe7 28. Bxg5 Red7 29. Bxd8 Rxd8 30. Kf1 a5 31. Ke2 Rc8 32. Kd2 a4 33. Nc2
Kg7 34. f4 Kg6 35. Kd3 Rxc2 36. Kxc2 Kf5 37. h3 Ke4 0-1

[Event "New Zealand Open Ch'p 2015"]
[Site "Devonport, Auckland"]
[Date "2015.01.02"]
[Round "2.55"]
[White "Holdo, Karl"]
[Black "Shen, Terry"]
[Result "1/2-1/2"]
[WhiteElo "1606"]
[BlackElo "1722"]
[PlyCount "114"]
[EventDate "2015.01.01"]
[EventType "swiss"]
[EventRounds "9"]
[SourceDate "2015.01.01"]

1. d4 Nf6 2. Nf3 g6 3. g3 Bg7 4. Bg2 d6 5. O-O O-O 6. c4 c5 7. dxc5 dxc5 8. Nc3
Nc6 9. Bf4 Nh5 10. Bd2 f5 11. e3 e5 12. Ne1 Qd7 13. Bd5+ Kh8 14. Nd3 b6 15. Qa4
Bb7 16. Rad1 e4 17. Nf4 Nxf4 18. exf4 Qe8 19. Be3 Bxc3 20. bxc3 Na5 21. Qxe8
Rfxe8 22. Rd2 Bxd5 23. cxd5 Nc4 24. Re2 Red8 25. Rd1 Rd7 26. Kg2 Rad8 27. Rde1
Rxd5 28. f3 exf3+ 29. Kxf3 Rd3 30. Kf2 Nxe3 31. Rxe3 Rxe3 32. Kxe3 Kg7 33. Rb1
Kf6 34. a4 Rb8 35. Kd3 Ke6 36. Kc4 Kd6 37. Rd1+ Kc6 38. Re1 Rd8 39. Re6+ Rd6
40. Re7 a6 41. Rxh7 b5+ 42. Kb3 Kb6 43. axb5 axb5 44. h3 Rf6 45. Rh8 Rf7 46.
Rb8+ Kc6 47. Rg8 Rf6 48. g4 b4 49. gxf5 Rxf5 50. Rxg6+ Kb5 51. c4+ Ka5 52. Rg5
Rxf4 53. Rxc5+ Kb6 54. Kxb4 Rh4 55. Rg5 Rxh3 56. Rg6+ Kc7 57. c5 Rh1 1/2-1/2

[Event "New Zealand Open Ch'p 2015"]
[Site "Devonport, Auckland"]
[Date "2015.01.02"]
[Round "2.56"]
[White "Cooper, Nigel M"]
[Black "Zhang, Jasmine"]
[Result "1/2-1/2"]
[WhiteElo "1714"]
[BlackElo "1594"]
[PlyCount "141"]
[EventDate "2015.01.01"]
[EventType "swiss"]
[EventRounds "9"]
[SourceDate "2015.01.01"]

1. f4 d5 2. b3 c5 3. e3 Bf5 4. Nf3 e6 5. Bb5+ Nc6 6. Bb2 a6 7. Bxc6+ bxc6 8.
O-O Nf6 9. Nc3 Bd6 10. Ne2 O-O 11. Ne5 Rc8 12. Ng3 Bg6 13. c4 Qc7 14. Qe2 Ra8
15. Rac1 Nd7 16. Nxd7 Qxd7 17. cxd5 cxd5 18. Ba3 Rfc8 19. Rc3 Qe7 20. f5 exf5
21. Nxf5 Bxf5 22. Rxf5 d4 23. Rc1 dxe3 24. dxe3 h6 25. Qf3 Ra7 26. e4 Rac7 27.
Rc4 Be5 28. Qe2 Qd6 29. h3 g6 30. Rf1 Bd4+ 31. Kh1 Re8 32. Rd1 Qf4 33. Bc1 Qxe4
34. Qxe4 Rxe4 35. Bxh6 Rce7 36. Rcc1 Re2 37. b4 Be3 38. Bxe3 R2xe3 39. Rd8+ Kg7
40. bxc5 Rc7 41. Rd6 Re6 42. Rxe6 fxe6 43. h4 Kf6 44. Kh2 Ke5 45. Kg3 Kd5 46.
Kf4 e5+ 47. Ke3 Rxc5 48. Rxc5+ Kxc5 49. Ke4 Kd6 50. g4 Ke6 51. h5 g5 52. h6 Kf6
53. h7 Kg7 54. Kxe5 Kxh7 55. Kf6 Kh6 56. Kf5 a5 57. Ke5 Kg6 58. Kd5 Kf6 59. Kc5
Ke5 60. Kb5 Kf4 61. Kxa5 Kxg4 62. a4 Kh3 63. Kb6 g4 64. a5 g3 65. a6 g2 66. a7
g1=Q+ 67. Kb7 Qg7+ 68. Kb8 Qf8+ 69. Kb7 Qe7+ 70. Kb8 Qd6+ 71. Kb7 1/2-1/2

[Event "New Zealand Open Ch'p 2015"]
[Site "Devonport, Auckland"]
[Date "2015.01.02"]
[Round "2.57"]
[White "Zhu, Karl Kai"]
[Black "Brockman, Roland"]
[Result "1-0"]
[WhiteElo "1689"]
[BlackElo "1652"]
[PlyCount "37"]
[EventDate "2015.01.01"]
[EventType "swiss"]
[EventRounds "9"]
[SourceDate "2015.01.01"]

1. e4 e5 2. Nf3 Nc6 3. d4 exd4 4. Nxd4 Nxd4 5. Qxd4 Ne7 6. Bc4 Nc6 7. Qe3 g6 8.
Bd2 Bg7 9. Bc3 O-O 10. Bxg7 Kxg7 11. Nd2 a6 12. O-O-O b5 13. Bd5 Kg8 14. h4 h5
15. g4 hxg4 16. h5 g5 17. Rdg1 Rb8 18. Rxg4 Ne7 19. Qxg5+ 1-0

[Event "New Zealand Open Ch'p 2015"]
[Site "Devonport, Auckland"]
[Date "2015.01.03"]
[Round "3.1"]
[White "Stojic, Dusan"]
[Black "Howell, David W L"]
[Result "0-1"]
[WhiteElo "2123"]
[BlackElo "2670"]
[PlyCount "102"]
[EventDate "2015.01.01"]
[EventType "swiss"]
[EventRounds "9"]
[SourceDate "2015.01.01"]

1. e4 e6 2. d4 d5 3. e5 c5 4. c3 Bd7 5. Nf3 Qb6 6. c4 Nc6 7. cxd5 exd5 8. Be2
cxd4 9. O-O Nge7 10. Nbd2 Nb4 11. Ne1 Ng6 12. Ndf3 Be7 13. a3 Nc6 14. Nd3 a5
15. g3 Bh3 16. Re1 O-O 17. Bg5 Rae8 18. Qd2 Bf5 19. h4 Bxg5 20. Qxg5 Be4 21.
Rad1 Re7 22. Qd2 Rfe8 23. h5 Bxd3 24. Bxd3 Ngxe5 25. Nxe5 Nxe5 26. Kg2 Qf6 27.
Be2 d3 28. Bxd3 Qf3+ 29. Kg1 Qxh5 30. Be2 Qf5 31. Kg2 Nc6 32. Bf3 Rxe1 33. Rxe1
Rxe1 34. Qxe1 Qe6 35. Qd2 d4 36. Kg1 Qe5 37. Qc2 Qd6 38. Qe4 g6 39. Kf1 h5 40.
Qd5 Qf6 41. b4 axb4 42. axb4 Nxb4 43. Qxb7 Nd3 44. Qe4 Nc5 45. Qd5 Ne6 46. Be2
h4 47. Kg2 hxg3 48. fxg3 Qg5 49. Qe4 Kg7 50. Kf2 Kf6 51. Kg2 Qe3 0-1

[Event "New Zealand Open Ch'p 2015"]
[Site "Devonport, Auckland"]
[Date "2015.01.03"]
[Round "3.2"]
[White "Rasmussen, Allan Stig"]
[Black "Le Roy, Brice"]
[Result "1/2-1/2"]
[WhiteElo "2526"]
[BlackElo "2290"]
[PlyCount "99"]
[EventDate "2015.01.01"]
[EventType "swiss"]
[EventRounds "9"]
[SourceDate "2015.01.01"]

1. c4 Nf6 2. Nf3 c5 3. Nc3 g6 4. e3 Bg7 5. d4 cxd4 6. exd4 O-O 7. Bg5 h6 8. Bh4
d6 9. h3 e5 10. Be2 g5 11. dxe5 Nh5 12. Bg3 Nxg3 13. fxg3 dxe5 14. g4 Nc6 15.
Ne4 Qb6 16. Qb3 Be6 17. Rf1 Rfd8 18. Qc3 Qb4 19. Rc1 Rac8 20. a3 Qxc3+ 21. Rxc3
Na5 22. c5 Nb3 23. Bd1 Nd4 24. Nfd2 b6 25. cxb6 axb6 26. Rf2 Nb5 27. Rxc8 Rxc8
28. Nb1 Rc1 29. Nec3 e4 30. Rc2 Rxc2 31. Bxc2 Nxc3 32. Nxc3 f5 33. gxf5 Bxf5
34. Ke2 Bd4 35. g4 Bg6 36. a4 Kf7 37. Bxe4 Bxe4 38. Nxe4 Bxb2 39. Nd6+ Ke6 40.
Nc4 Bd4 41. Kd3 Bc5 42. Ke4 Bg1 43. Ne5 Bc5 44. Nc4 Bg1 45. Ne5 Bc5 46. Nd3 Bg1
47. Nc1 Bf2 48. Nd3 Bg1 49. Nb4 Kd6 50. Nd3 1/2-1/2

[Event "New Zealand Open Ch'p 2015"]
[Site "Devonport, Auckland"]
[Date "2015.01.03"]
[Round "3.4"]
[White "Bischoff, Klaus"]
[Black "Goodhue, Nathan"]
[Result "1-0"]
[WhiteElo "2490"]
[BlackElo "2020"]
[PlyCount "51"]
[EventDate "2015.01.01"]
[EventType "swiss"]
[EventRounds "9"]
[SourceDate "2015.01.01"]

1. d4 g6 2. e4 d5 3. exd5 Qxd5 4. c4 Qd8 5. Nc3 Bg7 6. Nf3 c5 7. d5 e5 8. Be2
Ne7 9. O-O Nf5 10. Re1 O-O 11. Bf1 f6 12. Ne4 Na6 13. b4 Nxb4 14. Nxc5 b6 15.
Ne4 Nd6 16. Nxd6 Qxd6 17. Ba3 a5 18. Qb3 f5 19. Nxe5 Bxe5 20. Rxe5 Qxe5 21. Bb2
Qd6 22. Qc3 Kf7 23. Qg7+ Ke8 24. Re1+ Kd8 25. Be5 Qc5 26. Bc7+ 1-0

[Event "New Zealand Open Ch'p 2015"]
[Site "Devonport, Auckland"]
[Date "2015.01.03"]
[Round "3.5"]
[White "McLaren, Leonard J"]
[Black "Sukandar, Irine Kharisma"]
[Result "0-1"]
[WhiteElo "2210"]
[BlackElo "2392"]
[PlyCount "106"]
[EventDate "2015.01.01"]
[EventType "swiss"]
[EventRounds "9"]
[SourceDate "2015.01.01"]

1. e4 c5 2. c3 g6 3. d4 cxd4 4. cxd4 d5 5. exd5 Nf6 6. Bb5+ Bd7 7. Bc4 Bg7 8.
Nc3 O-O 9. Nge2 b5 10. Bb3 b4 11. Na4 Bb5 12. O-O Nxd5 13. Re1 Nc6 14. Be3 e5
15. dxe5 Nxe3 16. fxe3 Bxe5 17. Nf4 Qa5 18. Rc1 Rad8 19. Qc2 Bxf4 20. exf4 Bxa4
21. Bxa4 Nd4 22. Qd1 Ne6 23. Qc2 Nxf4 24. Rcd1 Rxd1 25. Rxd1 Rd8 26. Bb3 Qb6+
27. Qf2 Ne2+ 28. Kf1 Rxd1+ 29. Bxd1 Nd4 30. h4 Qb5+ 31. Kg1 Qd3 32. Ba4 a5 33.
Kh2 h5 34. Qf6 Nf5 35. Bb3 Qg3+ 36. Kg1 Qe1+ 37. Kh2 Qxh4+ 38. Qxh4 Nxh4 39.
Kg3 g5 40. Bd1 Nf5+ 41. Kf3 Kg7 42. Ke4 Kf6 43. Bb3 g4 44. Bd5 Kg5 45. Kd3 Nd6
46. Kd4 f5 47. Ke5 Ne4 48. Bxe4 fxe4 49. Kxe4 h4 50. b3 g3 51. Kf3 Kf5 52. Ke3
Kg4 53. Ke2 h3 0-1

[Event "New Zealand Open Ch'p 2015"]
[Site "Devonport, Auckland"]
[Date "2015.01.03"]
[Round "3.6"]
[White "Smith, Robert W"]
[Black "Hague, Ben"]
[Result "1/2-1/2"]
[WhiteElo "2233"]
[BlackElo "2317"]
[PlyCount "63"]
[EventDate "2015.01.01"]
[EventType "swiss"]
[EventRounds "9"]
[SourceDate "2015.01.01"]

1. Nf3 Nf6 2. g3 d5 3. Bg2 Bf5 4. c4 c6 5. cxd5 cxd5 6. Qb3 Qc8 7. Nc3 e6 8. d3
Be7 9. Bf4 O-O 10. Rc1 Nc6 11. O-O h6 12. Nb5 Qd7 13. Nbd4 g5 14. Nxc6 bxc6 15.
Ne5 Qe8 16. Be3 Rb8 17. Qc3 c5 18. Bxc5 Bxc5 19. Qxc5 Rxb2 20. Rc2 Rxc2 21.
Qxc2 Qc8 22. Nc6 Qc7 23. Rc1 Kg7 24. Qb2 Rc8 25. e4 dxe4 26. dxe4 Bg6 27. Rc4
Qd7 28. Qc2 Rc7 29. h3 Ng8 30. Kh2 Kh7 31. a4 Ne7 32. Nxe7 1/2-1/2

[Event "New Zealand Open Ch'p 2015"]
[Site "Devonport, Auckland"]
[Date "2015.01.03"]
[Round "3.7"]
[White "Dive, Russell J"]
[Black "Thornton, Giovanni A"]
[Result "1-0"]
[WhiteElo "2315"]
[BlackElo "2143"]
[PlyCount "105"]
[EventDate "2015.01.01"]
[EventType "swiss"]
[EventRounds "9"]
[SourceDate "2015.01.01"]

1. d4 Nf6 2. c4 e6 3. Nc3 Bb4 4. Qc2 d5 5. a3 Bd6 6. Bg5 h6 7. Bh4 c6 8. e3 O-O
9. Nf3 Nbd7 10. cxd5 exd5 11. Bd3 Qc7 12. O-O b6 13. Rfc1 a6 14. e4 dxe4 15.
Nxe4 Nxe4 16. Bxe4 Bb7 17. Bxc6 Rac8 18. d5 Nb8 19. Qa4 Nxc6 20. dxc6 Bxc6 21.
Qxa6 Qb8 22. Bg3 Bxg3 23. hxg3 Bxf3 24. gxf3 Rc5 25. Rxc5 bxc5 26. Rc1 Qxb2 27.
Rxc5 Qb8 28. a4 Qa8 29. Qxa8 Rxa8 30. a5 Rb8 31. a6 Rb1+ 32. Kg2 Ra1 33. Rc6 g6
34. g4 Kg7 35. f4 Ra3 36. Rb6 Ra2 37. g5 hxg5 38. fxg5 Ra5 39. f4 Ra3 40. Rf6
Re3 41. Kf2 Re4 42. Kf3 Re1 43. Rb6 Ra1 44. Ke3 Ra2 45. Kd3 Ra1 46. Kc3 Ra4 47.
Rf6 Ra1 48. Kb4 Ra2 49. Kb5 Rb2+ 50. Kc6 Rb4 51. a7 Ra4 52. Kb7 Rb4+ 53. Rb6
1-0

[Event "New Zealand Open Ch'p 2015"]
[Site "Devonport, Auckland"]
[Date "2015.01.03"]
[Round "3.8"]
[White "Teh, Eu Wen Aron"]
[Black "Ker, Anthony F"]
[Result "0-1"]
[WhiteElo "2300"]
[BlackElo "2302"]
[PlyCount "114"]
[EventDate "2015.01.01"]
[EventType "swiss"]
[EventRounds "9"]
[SourceDate "2015.01.01"]

1. d4 d6 2. c4 e5 3. Nf3 e4 4. Ng5 f5 5. Nc3 Be7 6. Nh3 c6 7. g3 Nf6 8. Bg2
Nbd7 9. O-O Nb6 10. b3 d5 11. c5 Nbd7 12. Rb1 Nf8 13. b4 Ne6 14. Nf4 Qd7 15. h4
O-O 16. b5 Bd8 17. Bh3 g6 18. Nxe6 Qxe6 19. Bf4 Ne8 20. bxc6 bxc6 21. Qa4 Bc7
22. Bxc7 Nxc7 23. Rb2 Ba6 24. Qa5 Qe7 25. f4 exf3 26. Rxf3 Rab8 27. Qa3 Rfe8
28. e3 Rxb2 29. Qxb2 Qd8 30. Bf1 Bxf1 31. Kxf1 Qb8 32. Qxb8 Rxb8 33. Rf2 Ne8
34. Ke2 Nf6 35. Kd3 Kf7 36. Rg2 Ke6 37. Kc2 Ng4 38. Re2 Kf6 39. Kd3 h6 40. Rc2
g5 41. hxg5+ hxg5 42. Nd1 Rb1 43. Rd2 Kg6 44. Ke2 Nf6 45. Rb2 Ra1 46. Nc3 Kh5
47. Kf3 Ne4 48. Nxe4 fxe4+ 49. Kg2 Kg4 50. Re2 a5 51. Rb2 a4 52. Re2 a3 53. Rc2
Rb1 54. Re2 Rb2 55. Rf2 Rxf2+ 56. Kxf2 Kh3 57. g4 Kh2 0-1

[Event "New Zealand Open Ch'p 2015"]
[Site "Devonport, Auckland"]
[Date "2015.01.03"]
[Round "3.9"]
[White "Garbett, Paul A"]
[Black "Gao, Hans"]
[Result "1/2-1/2"]
[WhiteElo "2264"]
[BlackElo "2116"]
[PlyCount "112"]
[EventDate "2015.01.01"]
[EventType "swiss"]
[EventRounds "9"]
[SourceDate "2015.01.01"]

1. Nf3 Nf6 2. c4 g6 3. d4 Bg7 4. g3 c6 5. Nc3 d5 6. Qb3 O-O 7. Bg2 Qb6 8. Qxb6
axb6 9. cxd5 Nxd5 10. Nxd5 cxd5 11. O-O Nc6 12. Rd1 Bg4 13. Be3 Nb4 14. Rdc1
Rfc8 15. Rxc8+ Rxc8 16. Ne1 Bxe2 17. a3 Nc6 18. Bxd5 Rd8 19. Bf3 Bxf3 20. Nxf3
Bxd4 21. Nxd4 Nxd4 22. Kf1 Nb3 23. Ke1 b5 24. Bh6 e6 25. Bg5 Rd5 26. Bf6 Nd4
27. Bxd4 Rxd4 28. Rc1 b4 29. Ke2 bxa3 30. bxa3 Rd5 31. Rb1 b5 32. h4 Kg7 33.
Rb4 Kf6 34. a4 bxa4 35. Rxa4 h6 36. Ke3 g5 37. hxg5+ hxg5 38. g4 Rb5 39. Kf3
Rb3+ 40. Kg2 Rd3 41. Ra7 Rd4 42. Kg3 Rf4 43. Ra6 Rd4 44. Ra7 Rd3+ 45. Kg2 Kg6
46. Rb7 f5 47. gxf5+ exf5 48. Rb5 g4 49. Rb8 Kg5 50. Ra8 Rd4 51. Kg3 f4+ 52.
Kg2 Rd5 53. Rh8 Rd6 54. Rg8+ Rg6 55. Rf8 Rh6 56. Rg8+ Rg6 1/2-1/2

[Event "New Zealand Open Ch'p 2015"]
[Site "Devonport, Auckland"]
[Date "2015.01.03"]
[Round "3.10"]
[White "Croad, Nicholas"]
[Black "Zelesco, Karl"]
[Result "1/2-1/2"]
[WhiteElo "2254"]
[BlackElo "2210"]
[PlyCount "104"]
[EventDate "2015.01.01"]
[EventType "swiss"]
[EventRounds "9"]
[SourceDate "2015.01.01"]

1. d4 d5 2. c4 c6 3. Nf3 Nf6 4. e3 Bf5 5. Nc3 a6 6. Be2 h6 7. Bd3 Bxd3 8. Qxd3
e6 9. O-O Bb4 10. b3 O-O 11. Bb2 Nbd7 12. Rfd1 Qe7 13. a3 Ba5 14. b4 Bc7 15. e4
b5 16. e5 Nh7 17. cxd5 cxd5 18. a4 Nb6 19. axb5 Nc4 20. Rdb1 axb5 21. Rxa8 Rxa8
22. Nxb5 Rb8 23. Nxc7 Qxb4 24. Na6 Qb3 25. Qxb3 Rxb3 26. Nc5 Rxb2 27. Rxb2 Nxb2
28. Kf1 g5 29. h4 Kg7 30. h5 Nf8 31. Nh2 Nc4 32. Ng4 Na3 33. Nf6 Nb5 34. Nb3
Nh7 35. Nxh7 Kxh7 36. Ke2 Nc3+ 37. Kd2 Ne4+ 38. Ke3 Kg7 39. Nc5 Nc3 40. Kd3 Nb5
41. g4 Nc7 42. Nd7 Nb5 43. Nc5 Kf8 44. Nb3 f6 45. exf6 Kf7 46. Nc5 Kxf6 47.
Nd7+ Ke7 48. Ne5 Nd6 49. f3 Kf6 50. Nd7+ Ke7 51. Ne5 Kf6 52. Nd7+ Ke7 1/2-1/2

[Event "New Zealand Open Ch'p 2015"]
[Site "Devonport, Auckland"]
[Date "2015.01.03"]
[Round "3.11"]
[White "Van Riemsdijk, Herman C"]
[Black "Schmitz, Andreas Arnold"]
[Result "1-0"]
[WhiteElo "2356"]
[BlackElo "2066"]
[PlyCount "77"]
[EventDate "2015.01.01"]
[EventType "swiss"]
[EventRounds "9"]
[SourceDate "2015.01.01"]

1. e4 e6 2. d4 d5 3. Nc3 Bb4 4. e5 c5 5. a3 Bxc3+ 6. bxc3 Qc7 7. Qg4 f5 8. Qh5+
g6 9. Qd1 Bd7 10. Nf3 Ba4 11. Rb1 cxd4 12. Rb4 Qxc3+ 13. Bd2 Qxa3 14. Nxd4 Nc6
15. Bb5 Bxb5 16. Nxb5 Qa2 17. Nd6+ Kf8 18. Rxb7 Nce7 19. O-O h6 20. Qe2 Rh7 21.
h4 Kg7 22. g3 Kh8 23. Rfb1 Qxc2 24. Rc1 Qa4 25. Rcc7 a5 26. Bf4 Qa1+ 27. Kg2 g5
28. hxg5 hxg5 29. Rc1 Qd4 30. Bxg5 Qg4 31. Qxg4 fxg4 32. Rcc7 a4 33. Bf6+ Nxf6
34. exf6 a3 35. fxe7 a2 36. e8=Q+ Rxe8 37. Rxh7+ Kg8 38. Rbg7+ Kf8 39. Rxg4 1-0

[Event "New Zealand Open Ch'p 2015"]
[Site "Devonport, Auckland"]
[Date "2015.01.03"]
[Round "3.12"]
[White "Morrell, Gordon"]
[Black "Steadman, Michael VR"]
[Result "0-1"]
[WhiteElo "2147"]
[BlackElo "2257"]
[PlyCount "72"]
[EventDate "2015.01.01"]
[EventType "swiss"]
[EventRounds "9"]
[SourceDate "2015.01.01"]

1. d4 Nf6 2. Nf3 e6 3. e3 b6 4. Bd3 c5 5. c4 Bb7 6. Nc3 Be7 7. O-O Na6 8. d5
exd5 9. cxd5 Nb4 10. Bc4 b5 11. Nxb5 Nbxd5 12. e4 Nb6 13. e5 Nfd5 14. Bd3 O-O
15. Nd6 Bxd6 16. Bxh7+ Kxh7 17. Ng5+ Qxg5 18. Bxg5 Bxe5 19. Qh5+ Kg8 20. Be7
Bxb2 21. Rab1 Nxe7 22. Rxb2 c4 23. Rd1 Ng6 24. Qg5 Rfe8 25. f4 Nf8 26. Qh4 Re4
27. Rf2 Rae8 28. Rf3 R8e6 29. Rg3 Ng6 30. Qd8+ Re8 31. Qc7 Bc6 32. Qxa7 Nc8 33.
Qc5 Nxf4 34. Rf3 R4e5 35. Qxc4 Bxf3 36. gxf3 Rg5+ 0-1

[Event "New Zealand Open Ch'p 2015"]
[Site "Devonport, Auckland"]
[Date "2015.01.03"]
[Round "3.13"]
[White "Li, William Xiang Wei"]
[Black "Reilly, Tim"]
[Result "0-1"]
[WhiteElo "1935"]
[BlackElo "2238"]
[PlyCount "72"]
[EventDate "2015.01.01"]
[EventType "swiss"]
[EventRounds "9"]
[SourceDate "2015.01.01"]

1. e4 d6 2. d4 g6 3. Nc3 Bg7 4. Be3 a6 5. Qd2 Nd7 6. h4 h6 7. f3 b5 8. g4 Bb7
9. Nh3 c5 10. d5 Ne5 11. Be2 Nf6 12. Nf2 h5 13. g5 Nfd7 14. f4 Nc4 15. Bxc4
bxc4 16. Rf1 Rb8 17. Ncd1 Qc7 18. Nh3 Bc8 19. c3 Ne5 20. fxe5 Bxh3 21. Rh1 Bd7
22. exd6 exd6 23. Nf2 Be5 24. O-O-O Qa5 25. a3 Rb3 26. Qc2 Ba4 27. Bd2 Rxa3 28.
Qb1 Rb3 29. Rh3 O-O 30. Rf1 Rfb8 31. Nd1 R3b7 32. Qa1 Qb5 33. Rhf3 Qb3 34. Qb1
Qa3 35. Rxf7 Rxf7 36. Rxf7 Kxf7 0-1

[Event "New Zealand Open Ch'p 2015"]
[Site "Devonport, Auckland"]
[Date "2015.01.03"]
[Round "3.14"]
[White "Hair, Philip I"]
[Black "Drummond, Matthew"]
[Result "0-1"]
[WhiteElo "1941"]
[BlackElo "2231"]
[PlyCount "82"]
[EventDate "2015.01.01"]
[EventType "swiss"]
[EventRounds "9"]
[SourceDate "2015.01.01"]

1. e4 g6 2. Nc3 Bg7 3. g3 c5 4. Bg2 Nc6 5. d3 d6 6. Be3 e5 7. f4 exf4 8. Bxf4
g5 9. Be3 h6 10. Qd2 Nge7 11. h4 gxh4 12. Rxh4 Nd4 13. O-O-O h5 14. Nd5 Ng6 15.
Rh1 Be5 16. c3 Ne6 17. Rf1 Qa5 18. Kb1 Bd7 19. Nf6+ Bxf6 20. Rxf6 Ne5 21. Rh6
Rg8 22. Ne2 Qa6 23. R6xh5 Qxd3+ 24. Qxd3 Nxd3 25. Rd1 Ne5 26. b3 Ke7 27. Bh3
Bb5 28. c4 Bc6 29. Bg2 Rg4 30. Nf4 Rxg3 31. Nd5+ Bxd5 32. exd5 Nf8 33. Rxe5+
dxe5 34. Bxc5+ Kf6 35. Rf1+ Kg7 36. Be4 b6 37. Bf2 Rg4 38. Bd3 Ng6 39. Re1 Rh8
40. Bxg6 Kxg6 41. Rxe5 Rh1+ 0-1

[Event "New Zealand Open Ch'p 2015"]
[Site "Devonport, Auckland"]
[Date "2015.01.03"]
[Round "3.15"]
[White "Milligan, Helen"]
[Black "Dowden, R Anthony"]
[Result "1/2-1/2"]
[WhiteElo "1968"]
[BlackElo "2108"]
[PlyCount "108"]
[EventDate "2015.01.01"]
[EventType "swiss"]
[EventRounds "9"]
[SourceDate "2015.01.01"]

1. e4 e6 2. d4 d5 3. Nc3 Bb4 4. e5 Ne7 5. a3 Bxc3+ 6. bxc3 b6 7. Nf3 Qd7 8. a4
Ba6 9. Bxa6 Nxa6 10. Qd3 Nb8 11. O-O Nbc6 12. Ba3 Na5 13. Nd2 O-O 14. f4 f5 15.
c4 dxc4 16. Nxc4 Nxc4 17. Qxc4 Rfd8 18. Bxe7 Qxe7 19. c3 Rd5 20. Rfb1 Qd7 21.
Rb5 c6 22. Rbb1 Rc8 23. a5 b5 24. Qb4 a6 25. Qb3 c5 26. dxc5 Rcxc5 27. Rd1 Rc4
28. Rxd5 exd5 29. g3 g5 30. Rd1 Qa7+ 31. Kh1 Qf2 32. fxg5 Qf3+ 33. Kg1 Qe3+ 34.
Kh1 Qf3+ 35. Kg1 b4 36. Qa4 Qe3+ 37. Kf1 Qf3+ 38. Kg1 Qe3+ 39. Kf1 Qxe5 40. Qd7
Rxc3 41. Qxd5+ Qxd5 42. Rxd5 b3 43. Rd8+ Kf7 44. Rb8 Kg6 45. Rb4 Kxg5 46. h4+
Kf6 47. Kg2 Ke5 48. Kh3 h5 49. Rb6 Rc5 50. Rxb3 Rxa5 51. Rb8 Rb5 52. Rh8 a5 53.
Rxh5 Kd4 54. Rh8 Kc4 1/2-1/2

[Event "New Zealand Open Ch'p 2015"]
[Site "Devonport, Auckland"]
[Date "2015.01.03"]
[Round "3.16"]
[White "Krstev, Antonio"]
[Black "Lauterbach, Ingrid"]
[Result "1-0"]
[WhiteElo "2012"]
[BlackElo "2089"]
[PlyCount "69"]
[EventDate "2015.01.01"]
[EventType "swiss"]
[EventRounds "9"]
[SourceDate "2015.01.01"]

1. d4 d6 2. c4 e5 3. Nf3 e4 4. Nfd2 f5 5. e3 Nf6 6. Nc3 g6 7. f3 exf3 8. Nxf3
Bg7 9. Bd3 O-O 10. O-O c6 11. Bd2 Re8 12. Qc2 Qe7 13. Rae1 Ne4 14. Re2 Nd7 15.
b4 Ndf6 16. a4 Bd7 17. c5 Nxd2 18. Nxd2 d5 19. Nd1 Bh6 20. Rf3 Qg7 21. Nf1 Ng4
22. Qa2 Nxe3 23. Ndxe3 Qxd4 24. Qc2 f4 25. Bxg6 hxg6 26. Qxg6+ Bg7 27. Qd6 Rxe3
28. Nxe3 fxe3 29. Qxd7 Qd1+ 30. Rf1 Qxe2 31. Qe6+ Kh7 32. Qh3+ Bh6 33. Rf7+ Kg8
34. Qe6 Qd3 35. Re7+ 1-0

[Event "New Zealand Open Ch'p 2015"]
[Site "Devonport, Auckland"]
[Date "2015.01.03"]
[Round "3.17"]
[White "McNabb, Matthew D"]
[Black "Louie, Ryan"]
[Result "1-0"]
[WhiteElo "2069"]
[BlackElo "1927"]
[PlyCount "53"]
[EventDate "2015.01.01"]
[EventType "swiss"]
[EventRounds "9"]
[SourceDate "2015.01.01"]

1. d4 Nf6 2. c4 g6 3. Nc3 d5 4. cxd5 Nxd5 5. Bd2 Bg7 6. e4 Nb6 7. Be3 O-O 8. a4
a5 9. g4 Nc6 10. Nb5 Nb4 11. Rc1 c6 12. Nc3 f5 13. gxf5 gxf5 14. Nh3 fxe4 15.
Rg1 Bxh3 16. Bxh3 Nd3+ 17. Kf1 Nd5 18. Be6+ Kh8 19. Nxd5 cxd5 20. Qg4 Rxf2+ 21.
Bxf2 Qf8 22. Rc2 Bh6 23. Qf5 Qe8 24. Rg8+ Qxg8 25. Bxg8 Rxg8 26. Bg3 Rf8 27.
Rc8 1-0